000 00872nam a2200265Ia 4500
003 OSt
005 20220923211525.0
006 a|||||r|||| 00| 0
007 ta
008 220922b |||||||| |||| 00| 0 hin d
020 _a9789381272015 (hbk)
_c350
024 _a325,077
037 _b384, 10/03/2018, Eastern Book Linkers
_cTextual
040 _aARTS
_cARTS
_bhin
041 _2hin
_ahin
082 _aNT, 152Q1
100 _aजोशी, ज्योतिष, ले.
_9156313
245 0 _aरंग विमर्श
246 _aRanga vimarsha
260 _aदिल्ली
_b नयी किताब
_c2011
300 _a216पृ.
_ccm.
650 _aललित कला
_9156314
942 _hNT, 152Q1
_cTEXL
_2CC
999 _c300407
_d300407